<?xml version="1.0" encoding="UTF-8"?>
<record
    xmlns:xsi="http://www.w3.org/2001/XMLSchema-instance"
    xsi:schemaLocation="http://www.loc.gov/MARC21/slim http://www.loc.gov/standards/marcxml/schema/MARC21slim.xsd"
    xmlns="http://www.loc.gov/MARC21/slim">

  <leader>01775nam a2200277Ia 4500</leader>
  <datafield tag="952" ind1=" " ind2=" ">
    <subfield code="0">0</subfield>
    <subfield code="1">0</subfield>
    <subfield code="4">0</subfield>
    <subfield code="7">0</subfield>
    <subfield code="a">01</subfield>
    <subfield code="b">01</subfield>
    <subfield code="d">2013-10-11</subfield>
    <subfield code="l">3</subfield>
    <subfield code="o">302.234 C589</subfield>
    <subfield code="p">01 013477</subfield>
    <subfield code="r">2017-03-06</subfield>
    <subfield code="s">2017-03-06</subfield>
    <subfield code="t">2</subfield>
    <subfield code="w">2013-10-11</subfield>
    <subfield code="y">LB</subfield>
  </datafield>
  <datafield tag="952" ind1=" " ind2=" ">
    <subfield code="0">0</subfield>
    <subfield code="1">0</subfield>
    <subfield code="4">0</subfield>
    <subfield code="7">0</subfield>
    <subfield code="a">04</subfield>
    <subfield code="b">04</subfield>
    <subfield code="d">2016-07-15</subfield>
    <subfield code="l">1</subfield>
    <subfield code="o">HM1013 C65</subfield>
    <subfield code="p">04 006228</subfield>
    <subfield code="r">2017-03-14</subfield>
    <subfield code="s">2017-03-14</subfield>
    <subfield code="t">1</subfield>
    <subfield code="w">2016-07-15</subfield>
    <subfield code="y">LB</subfield>
  </datafield>
  <datafield tag="952" ind1=" " ind2=" ">
    <subfield code="0">0</subfield>
    <subfield code="1">0</subfield>
    <subfield code="4">0</subfield>
    <subfield code="7">0</subfield>
    <subfield code="a">01</subfield>
    <subfield code="b">01</subfield>
    <subfield code="d">2017-09-30</subfield>
    <subfield code="l">0</subfield>
    <subfield code="o">302.234 C589</subfield>
    <subfield code="p">01 011745</subfield>
    <subfield code="r">2017-09-30</subfield>
    <subfield code="t">1</subfield>
    <subfield code="w">2017-09-30</subfield>
    <subfield code="y">LB</subfield>
  </datafield>
  <datafield tag="999" ind1=" " ind2=" ">
    <subfield code="c">60975</subfield>
    <subfield code="d">60975</subfield>
  </datafield>
  <controlfield tag="005">20231102150709.0</controlfield>
  <controlfield tag="008">120622s2005    sp            000 0 spa d</controlfield>
  <datafield tag="020" ind1=" " ind2=" ">
    <subfield code="a">8497881559</subfield>
  </datafield>
  <datafield tag="050" ind1=" " ind2="4">
    <subfield code="a">HM1013</subfield>
    <subfield code="b">C65</subfield>
  </datafield>
  <datafield tag="082" ind1=" " ind2="4">
    <subfield code="a">302.234</subfield>
    <subfield code="b"> C589</subfield>
  </datafield>
  <datafield tag="245" ind1="1" ind2="0">
    <subfield code="a">Comunicaci&#xF3;n audiovisual digital</subfield>
    <subfield code="b">: nuevos medios ; nuevos usos ; nuevas formas</subfield>
    <subfield code="c">/ Jordi Alberich Pascual,  Antoni Roig Telo (coordinadores)</subfield>
  </datafield>
  <datafield tag="260" ind1="3" ind2=" ">
    <subfield code="a">Barcelona, Espa&#xF1;a</subfield>
    <subfield code="b">: Editorial UOC</subfield>
    <subfield code="c">, 2005</subfield>
  </datafield>
  <datafield tag="300" ind1=" " ind2=" ">
    <subfield code="a">256 p&#xE1;ginas</subfield>
    <subfield code="b">: ilustraciones</subfield>
  </datafield>
  <datafield tag="490" ind1="0" ind2=" ">
    <subfield code="a">Comunicaci&#xF3;n</subfield>
    <subfield code="v">40</subfield>
  </datafield>
  <datafield tag="504" ind1=" " ind2=" ">
    <subfield code="a">Bibliograf&#xED;a (pp.249-256)</subfield>
  </datafield>
  <datafield tag="505" ind1=" " ind2=" ">
    <subfield code="a">Direcciones cambiantes
Motores de la transformaci&#xF3;n del mapa de la comunicaci&#xF3;n: la revoluci&#xF3;n interactiva
De la comunicaci&#xF3;n de masas a la comunicaci&#xF3;n multimedia
Producci&#xF3;n cultural audiovisual en la sociedad de la informaci&#xF3;n
Tecnolog&#xED;as y contenidos
El nuevo ecenario audiovisual: los contenidos multiplataforma
La m&#xFA;sica en la era digital
El problema de la producci&#xF3;n y la preservaci&#xF3;n de la informaci&#xF3;n digital
Formas y lenguajes
Lenguajes de la comunicaci&#xF3;n digital
Notas para una estetica audiovisual digital
Nuevas formas en la narraci&#xF3;n audivisual</subfield>
  </datafield>
  <datafield tag="519" ind1=" " ind2=" ">
    <subfield code="a">Plan Flexible / </subfield>
    <subfield code="b">Mercadotecnia / </subfield>
    <subfield code="c">Producci&#xF3;n para Medios (P25- ) / </subfield>
    <subfield code="d">(04 006228)</subfield>
  </datafield>
  <datafield tag="519" ind1=" " ind2=" ">
    <subfield code="a">Plan Flexible / </subfield>
    <subfield code="b">Ciencias de la Comunicaci&#xF3;n / </subfield>
    <subfield code="c">Expresi&#xF3;n Gr&#xE1;fica y Comunicaci&#xF3;n (P12-4) / </subfield>
    <subfield code="d">(01 011745, 01 013477)</subfield>
  </datafield>
  <datafield tag="650" ind1="1" ind2="4">
    <subfield code="a">COMUNICACI&#xD3;N</subfield>
    <subfield code="x">ASPECTOS SOCIALES</subfield>
  </datafield>
  <datafield tag="650" ind1="2" ind2="4">
    <subfield code="a">TECNOLOG&#xCD;A DE LA INFORMACI&#xD3;N</subfield>
    <subfield code="x">ASPECTOS SOCIALES</subfield>
  </datafield>
  <datafield tag="650" ind1="2" ind2="4">
    <subfield code="a">SOCIEDAD DE LA INFORMACI&#xD3;N</subfield>
    <subfield code="x">ASPECTOS SOCIALES</subfield>
  </datafield>
  <datafield tag="700" ind1="1" ind2=" ">
    <subfield code="a">Alberich  Pascual, Jordi</subfield>
    <subfield code="e"> , coordinador</subfield>
  </datafield>
  <datafield tag="700" ind1="1" ind2=" ">
    <subfield code="a">Telo, Antoni Roig</subfield>
    <subfield code="e">, coordinador.</subfield>
  </datafield>
  <datafield tag="942" ind1=" " ind2=" ">
    <subfield code="c">LB</subfield>
    <subfield code="2">lcc</subfield>
  </datafield>
</record>
